| 000 | 01285nam0a22003131 4500 | ||
|---|---|---|---|
| 001 | v19\rc\1522349 | ||
| 005 | 20260407064000.0 | ||
| 035 | _a(NLR Aleph) 005214797 | ||
| 090 |
_a5445907 _c5445907 |
||
| 100 | _a20060620e18861886|||y0rusy50 ca | ||
| 101 | 1 |
_arus _ceng |
|
| 102 | _aRU | ||
| 105 | _ay z |||a| | ||
| 200 | 1 |
_aПожар Лондонской тюрьмы _eРоман Чарльза Диккинса. Т. 1-2 |
|
| 210 |
_aСанкт-Петербург _cтипо-лит. П.И. Шмидта _d1886 |
||
| 215 |
_a2 т. _d20 |
||
| 311 | _aОтт. из журн. "Переводы отдельных романов". 1886, янв.-март | ||
| 488 | 0 |
_12001#$aПереводы отдельных романов$v1886, янв.-март _tПереводы отдельных романов |
|
| 700 | 1 |
_8rus _7ca _aДиккенс _bЧ. _f1812-1870 _gЧарлз _3RU\NLR\AUTH\7713978 _9123656 |
|
| 790 | 1 |
_aДиккенс _bЧ. _f1812-1870 _gЧарльз |
|
| 790 | 1 |
_aДиккинс _bЧ. _f1812-1870 _gЧарльз |
|
| 801 | 0 |
_aRU _bNLR _c20060620 _gpsbo |
|
| 801 | 0 |
_aRU _bRuMoRGB _c20060620 _2psbo |
|
| 801 | 1 |
_aRU _bProSoft-M _c20060620 _2rusmarc |
|
| 801 | 2 |
_aRU _bNLR _c20070426 _2rusmarc |
|
| 852 |
_aNLR _j18.237.5.115 |
||
| 852 |
_aNLR _j129/3347(т. 1) |
||
| 942 | _cBOOK | ||
| 980 | _aNB | ||